Country Quiz: Sri Lanka 🇱🇰 - Statistics

General Stats
  • This quiz has been taken 22 times
  • The average score is 14 of 19
Answer Stats
Hint Answer % Correct
Prior to becoming an island-nation, Sri Lanka was connected to this country India
100%
Capital Colombo / Sri Jayawardenapura
95%
Nationality Sri Lankan
95%
Main Religion Buddhism
90%
Previous name of Sri Lanka; was changed after its independence Ceylon
90%
In 1796, this European country began taking control of the island and would remain in control over the island-nation until its independence United Kingdom
90%
In 1505, this European country first arrived and settled Portugal
85%
Time zones 1
80%
Bordering Oceans Indian ocean
80%
Currency Rupee
80%
Second-Largest City Kandy
75%
Tamil
75%
Bordering Bay Bay of Bengal
70%
In 1658, this country forced out the initial European settlers and gained control of the majority of the island Netherlands
70%
Language Sinhala
60%
Climate Tropical
60%
Independence 1948
45%
State-Condition Republic
40%
Founding Father Don Stephen Senanayake
15%
No matching quizzes found
Score Distribution
Percent of People with Each Score
Percentile by Number Answered
Your Score History
You have not taken this quiz